[Event "Russian Championship B15 1st league 2016"]
[Site "Loo"]
[Date "2016.04.21"]
[Round "2.39"]
[White "Prokofiev, Matvey"]
[Black "Tsopanov, Mikhail"]
[Result "1/2-1/2"]
[WhiteElo "1875"]
[BlackElo "1572"]
[PlyCount "80"]
[EventDate "2016.04.20"]

1. d4 d5 2. c4 c6 3. e3 Nf6 4. Nf3 e6 5. Nc3 Nbd7 6. Bd3 Be7 7. O-O O-O 8. b3
b6 9. cxd5 cxd5 10. e4 dxe4 11. Nxe4 Bb7 12. Nxf6+ Nxf6 13. Bb2 Rc8 14. Ne5 Nd5
15. Qf3 Rc7 16. Qg3 Nb4 17. Bc4 Nd5 18. Rac1 Bf6 19. Ng4 Bh4 20. Qe5 Be7 21.
Bxd5 Bd6 22. Qe2 Bxd5 23. Rxc7 Qxc7 24. Rc1 Qb7 25. Ne3 Bf4 26. Qg4 Bd6 27. Nc4
Bb8 28. Ne3 Kh8 29. Nf1 Rc8 30. Rxc8+ Qxc8 31. Qg5 Qc7 32. Bc1 f6 33. Qh5 Qd7
34. Qh3 Bb7 35. Bb2 Bd5 36. Bc1 Bb7 37. Bb2 Bd5 38. Qe3 Qc7 39. Qh3 Qf7 40. Ne3
Qd7 1/2-1/2

[Event "Russian Championship B15 1st league 2016"]
[Site "Loo"]
[Date "2016.04.21"]
[Round "2.40"]
[White "Shushakov, Andrey"]
[Black "Kiselev, Vladislav"]
[Result "1-0"]
[WhiteElo "1550"]
[BlackElo "1803"]
[PlyCount "67"]
[EventDate "2016.04.20"]

1. e4 c6 2. d4 d5 3. Nc3 dxe4 4. Nxe4 Bf5 5. Ng3 Bg6 6. Nf3 Nd7 7. h4 h6 8. h5
Bh7 9. Bd3 Bxd3 10. Qxd3 Qc7 11. O-O e6 12. Re1 O-O-O 13. Qe2 Ngf6 14. Ne5 Nb6
15. c3 Bd6 16. a4 Bxe5 17. dxe5 Nfd5 18. Bd2 g5 19. hxg6 fxg6 20. a5 Nd7 21. a6
b6 22. Qg4 Nf8 23. Ne4 Rh7 24. c4 Ne7 25. Nd6+ Kb8 26. c5 Nf5 27. cxb6 axb6 28.
Be3 Ka7 29. Rac1 Nxd6 30. exd6 Qd7 31. Bxb6+ Kxb6 32. Qd4+ Kxa6 33. Ra1+ Kb5
34. Re5+ 1-0

[Event "Russian Championship B15 1st league 2016"]
[Site "Loo"]
[Date "2016.04.21"]
[Round "2.41"]
[White "Sadovnikov, Konstantin"]
[Black "Dyashkin, Dmitry"]
[Result "1/2-1/2"]
[WhiteElo "1695"]
[BlackElo "1531"]
[PlyCount "163"]
[EventDate "2016.04.20"]

1. e4 e6 2. d3 d5 3. Nd2 Nf6 4. g3 dxe4 5. dxe4 Nc6 6. Bg2 Bc5 7. Ngf3 Bd7 8.
O-O Rb8 9. h3 O-O 10. e5 Nd5 11. Ne4 Be7 12. c4 Nb6 13. b3 Be8 14. Qe2 Nd4 15.
Nxd4 Qxd4 16. Bf4 Qd8 17. g4 Bc6 18. g5 Bxe4 19. Bxe4 g6 20. h4 c6 21. Kg2 Nd7
22. Qg4 Nc5 23. Rad1 Qc7 24. Bc2 a5 25. Rh1 Kg7 26. h5 Rh8 27. Be3 Rhd8 28.
hxg6 hxg6 29. Qh4 Rh8 30. Qf4 Na6 31. Rh3 Rxh3 32. Kxh3 Rh8+ 33. Kg2 Nb4 34.
Bb1 c5 35. Bd2 Nc6 36. Re1 Rh5 37. Qg3 Qd8 38. Qd3 Qxd3 39. Bxd3 Bxg5 40. f4
Bd8 41. Be4 Ne7 42. Bxb7 Nf5 43. Be3 Nxe3+ 44. Rxe3 Bh4 45. a3 Rf5 46. Rf3 g5
47. Kh3 Be1 48. Be4 Rxf4 49. Rxf4 gxf4 50. Kg4 Bd2 51. Bc6 f6 52. Bd7 Kf7 53.
exf6 Kxf6 54. Kf3 Bc1 55. Ke4 e5 56. Bc8 Bxa3 57. Bd7 Bc1 58. Bc8 Bb2 59. Bd7
Bc1 60. Bc8 Kg5 61. Kf3 Kh4 62. Bf5 Bd2 63. Bc2 Kh3 64. Bf5+ Kh2 65. Be4 Kg1
66. Bd3 e4+ 67. Bxe4 Kf1 68. Bc6 Ke1 69. Be8 Kd1 70. Bg6 Kc1 71. Be8 Kc2 72.
Ba4 Kc3 73. Ke2 Bc1 74. Kf3 Kd4 75. Be8 Kd3 76. Bd7 Kd4 77. Be8 Ke5 78. Ba4 Ke6
79. Bb5 Kd6 80. Ba4 Kc7 81. Bb5 Kb6 82. Ba4 1/2-1/2

[Event "Russian Championship B15 1st league 2016"]
[Site "Loo"]
[Date "2016.04.21"]
[Round "2.42"]
[White "Volchkov, Ivan"]
[Black "Ardasenov, Soslan"]
[Result "0-1"]
[WhiteElo "1504"]
[BlackElo "1690"]
[PlyCount "106"]
[EventDate "2016.04.20"]

1. d4 Nf6 2. c4 g6 3. Nc3 Bg7 4. e4 d6 5. Nf3 O-O 6. h3 e5 7. d5 h6 8. Be3 a5
9. g4 Ne8 10. Rg1 Na6 11. h4 Kh7 12. h5 g5 13. Qd2 Bf6 14. Ne2 Ng7 15. Qxa5 Bd7
16. Qd2 Be7 17. Bh3 Nxh5 18. gxh5 Bxh3 19. Bxg5 hxg5 20. Rxg5 Rg8 21. Rxg8 Qxg8
22. O-O-O Qh8 23. Ng3 Qf6 24. Qe3 Bg4 25. Rd3 Nc5 26. Rc3 Bxf3 27. Qxf3 Qxf3
28. Rxf3 Bg5+ 29. Kc2 f6 30. a3 Rg8 31. b4 Nd7 32. Kb3 Bf4 33. a4 b6 34. Kc3
Ra8 35. Kb3 Bxg3 36. fxg3 Kh6 37. g4 Kg5 38. Rg3 Nf8 39. Rg2 Nh7 40. Rg1 Kf4
41. c5 Kxe4 42. cxb6 cxb6 43. Rd1 Kf3 44. Rg1 e4 45. Re1 e3 46. Kc3 Rxa4 47.
Kb3 Ra7 48. Kc2 Kf2 49. Rh1 e2 50. Rh2+ Kf3 51. Rh3+ Kg2 52. Re3 Kf2 53. Kd2
Ra2+ 0-1

[Event "Russian Championship B15 1st league 2016"]
[Site "Loo"]
[Date "2016.04.21"]
[Round "2.43"]
[White "Rudikov, Dmitry"]
[Black "Greshtakyan, Ashot"]
[Result "1-0"]
[WhiteElo "1678"]
[BlackElo "1489"]
[PlyCount "103"]
[EventDate "2016.04.20"]

1. d4 Nf6 2. c4 g6 3. Nc3 Bg7 4. e4 d6 5. Nf3 O-O 6. Be2 a5 7. Bg5 Na6 8. Nd2
c5 9. d5 Nc7 10. O-O e6 11. f4 Qe8 12. e5 dxe5 13. fxe5 Nd7 14. d6 Na6 15. Be7
Bxe5 16. Bxf8 Qxf8 17. Nde4 f5 18. Ng5 Qh6 19. Nf3 Bxc3 20. bxc3 Qe3+ 21. Kh1
Qxc3 22. Re1 Nb4 23. Bf1 Nf6 24. Rc1 Qa3 25. Ne5 Nd7 26. Qd2 Nxe5 27. Rxe5 Bd7
28. Rce1 Re8 29. Rxc5 Nc6 30. Rb5 Rb8 31. Reb1 Nb4 32. Re5 Nc6 33. Re3 Qc5 34.
Reb3 b6 35. Rb5 Qa3 36. Rxb6 Rd8 37. R1b3 Qc5 38. R6b5 Qa7 39. Rb7 Qc5 40. Rc7
Qe5 41. Rbb7 Nb8 42. Rxb8 Rxb8 43. Rxd7 Qa1 44. Kg1 Rb1 45. Qf2 Rc1 46. Rc7 Qe5
47. Rc8+ Kf7 48. d7 Rd1 49. d8=Q Rxd8 50. Rxd8 Qc7 51. Qd4 Ke7 52. Rh8 1-0

[Event "Russian Championship B15 1st league 2016"]
[Site "Loo"]
[Date "2016.04.21"]
[Round "2.44"]
[White "Shirinkin, Pavel"]
[Black "Konotop, Daniil"]
[Result "1/2-1/2"]
[WhiteElo "1676"]
[BlackElo "1473"]
[PlyCount "84"]
[EventDate "2016.04.20"]

1. e4 d6 2. d4 e5 3. dxe5 dxe5 4. Qxd8+ Kxd8 5. Nf3 f6 6. Bc4 c6 7. Be3 Kc7 8.
Nc3 Nd7 9. O-O-O Nb6 10. Bb3 Ne7 11. Rd2 Ng6 12. Rhd1 Be7 13. a4 Rd8 14. a5 Nd7
15. Na4 b5 16. axb6+ axb6 17. Kb1 b5 18. Nc3 Bb7 19. Be6 Nb6 20. Bxb6+ Kxb6 21.
Rd7 Rxd7 22. Rxd7 Rd8 23. Rxd8 Bxd8 24. g3 Be7 25. h4 Nf8 26. Bh3 Bc5 27. Nd1
Kc7 28. Nd2 Bc8 29. Bg2 Be6 30. c3 Nd7 31. Kc2 Nb6 32. b3 Nc8 33. f4 exf4 34.
gxf4 Bg4 35. Nf3 Nd6 36. Kd3 Nf7 37. Ne3 Bxf3 38. Bxf3 Bd6 39. Ng2 Nd8 40. Ke3
Ne6 41. Bg4 Nc5 42. Bd1 Kd7 1/2-1/2

[Event "Russian Championship B15 1st league 2016"]
[Site "Loo"]
[Date "2016.04.21"]
[Round "2.45"]
[White "Shilov, Victor"]
[Black "Gorbunov, Semen"]
[Result "0-1"]
[WhiteElo "1485"]
[BlackElo "1675"]
[PlyCount "48"]
[EventDate "2016.04.20"]

1. e4 e5 2. Nf3 Nc6 3. Bc4 Bc5 4. c3 f6 5. d4 exd4 6. cxd4 Bb6 7. O-O d6 8. h3
Nge7 9. Nc3 Bd7 10. a3 Na5 11. Ba2 Nac6 12. Re1 Ng6 13. b4 Rf8 14. Nd5 Nce7 15.
Nxb6 axb6 16. e5 Ba4 17. Qe2 fxe5 18. dxe5 d5 19. Be3 h6 20. Bd4 Nf5 21. Bb1
Nf4 22. Qd2 Nxd4 23. Nxd4 Qg5 24. Bg6+ Ke7 0-1

[Event "Russian Championship B15 1st league 2016"]
[Site "Loo"]
[Date "2016.04.21"]
[Round "2.46"]
[White "Klyus, Nikita"]
[Black "Dobrynin, Yaroslav"]
[Result "1/2-1/2"]
[WhiteElo "1474"]
[BlackElo "1668"]
[PlyCount "87"]
[EventDate "2016.04.20"]

1. e4 e5 2. Nf3 Nc6 3. Bb5 a6 4. Ba4 Nf6 5. O-O Be7 6. Re1 b5 7. Bb3 d6 8. h3
O-O 9. c3 Nb8 10. d4 Nbd7 11. Nbd2 Bb7 12. Bc2 Re8 13. Nb3 c5 14. dxc5 dxc5 15.
Bg5 Qc7 16. Qe2 c4 17. Nbd2 Nc5 18. Bxf6 Bxf6 19. Nf1 Ne6 20. Ne3 Nf4 21. Qd1
Rad8 22. Qb1 h5 23. a4 Nd3 24. Bxd3 Rxd3 25. Nc2 Be7 26. axb5 axb5 27. Na3 Bc6
28. Qc2 Red8 29. b3 cxb3 30. Qxb3 b4 31. Nb1 Bb5 32. Qb2 Rd1 33. cxb4 Qc4 34.
Na3 Rxe1+ 35. Rxe1 Qxb4 36. Qxe5 Bd3 37. Ra1 Ra8 38. Nc2 Rxa1+ 39. Nxa1 Qb1+
40. Kh2 Bf6 41. Qe8+ Kh7 42. Qxf7 Qxa1 43. Qxh5+ Kg8 44. Qe8+ 1/2-1/2

[Event "Russian Championship B15 1st league 2016"]
[Site "Loo"]
[Date "2016.04.21"]
[Round "2.47"]
[White "Volkov, Grigoriy"]
[Black "Titovich, Mihail"]
[Result "1-0"]
[WhiteElo "1667"]
[BlackElo "1466"]
[PlyCount "85"]
[EventDate "2016.04.20"]

1. e4 e6 2. d4 d5 3. exd5 exd5 4. Bd3 Nf6 5. Nf3 Bg4 6. O-O Be7 7. Bg5 O-O 8.
Nbd2 Nbd7 9. c3 c6 10. Qc2 h6 11. Bf4 Re8 12. h3 Bxf3 13. Nxf3 Nf8 14. Rfe1 Ne6
15. Bg3 Bd6 16. Ne5 Bxe5 17. Bxe5 Nd7 18. Bg3 Qg5 19. Re3 Nef8 20. Rae1 Rxe3
21. Rxe3 Ne6 22. Bd6 Qf6 23. Rf3 Nxd4 24. Bh7+ Kh8 25. Rxf6 Nxc2 26. Rxf7 Kxh7
27. Rxd7 b6 28. Be5 Rg8 29. Kf1 h5 30. Ke2 Re8 31. Rxg7+ Kh6 32. f4 Rxe5+ 33.
fxe5 Kxg7 34. Kd2 Kg6 35. g4 hxg4 36. hxg4 Na3 37. bxa3 Kg5 38. Kd3 c5 39. a4
a5 40. Ke3 Kg6 41. Kf4 Kf7 42. Kf5 Kf8 43. e6 1-0

[Event "Russian Championship B15 1st league 2016"]
[Site "Loo"]
[Date "2016.04.21"]
[Round "2.48"]
[White "Volodin, Andrey"]
[Black "Galkin, Vladislav"]
[Result "0-1"]
[WhiteElo "1410"]
[BlackElo "1659"]
[PlyCount "118"]
[EventDate "2016.04.20"]

1. e4 c6 2. d4 d5 3. Nc3 h6 4. Nf3 dxe4 5. Nxe4 Bf5 6. Ng3 Bh7 7. Bd3 Bxd3 8.
Qxd3 Nf6 9. O-O e6 10. c4 Be7 11. b3 O-O 12. Bb2 c5 13. Rad1 cxd4 14. Nxd4 Qa5
15. Ra1 Na6 16. Qf3 Qb6 17. Rfe1 Rfe8 18. Re2 Rad8 19. Nc2 Nb4 20. Nxb4 Qxb4
21. a3 Qb6 22. Rae1 Qc6 23. Qxc6 bxc6 24. b4 Nd7 25. Ne4 Nb6 26. Rc1 Nxc4 27.
g3 Nxb2 28. Rxb2 Rd4 29. Nc5 Red8 30. Kf1 Rd1+ 31. Rxd1 Rxd1+ 32. Ke2 Ra1 33.
Rb3 Ra2+ 34. Kf3 a5 35. Nd7 axb4 36. axb4 Ra4 37. b5 cxb5 38. Rxb5 Ra7 39. Rb8+
Kh7 40. Nf8+ Bxf8 41. Rxf8 g6 42. Ke4 Kg7 43. Rd8 Ra4+ 44. Rd4 f5+ 45. Ke3 Rxd4
46. Kxd4 Kf6 47. f4 g5 48. h3 h5 49. Ke3 gxf4+ 50. gxf4 e5 51. h4 e4 52. Kd4
Ke6 53. Ke3 Kd5 54. Ke2 Kd4 55. Kd2 e3+ 56. Ke1 Ke4 57. Ke2 Kxf4 58. Ke1 Kf3
59. Kf1 e2+ 0-1

[Event "Russian Championship B15 1st league 2016"]
[Site "Loo"]
[Date "2016.04.21"]
[Round "2.49"]
[White "Kolkhidov, Azamat"]
[Black "Muratov, Maxim"]
[Result "1-0"]
[WhiteElo "1655"]
[BlackElo "1428"]
[PlyCount "91"]
[EventDate "2016.04.20"]

1. e4 c5 2. Nf3 d6 3. d4 cxd4 4. Nxd4 Nf6 5. Nc3 e5 6. Nf3 Nc6 7. Bg5 Be7 8.
Bxf6 Bxf6 9. Nd5 O-O 10. Nxf6+ Qxf6 11. h3 Qg6 12. Qd3 f5 13. Nh4 Qh5 14. Nf3
fxe4 15. Qxe4 Be6 16. Bc4 Bxc4 17. Qxc4+ Qf7 18. Qe2 d5 19. c3 e4 20. Nd4 Rae8
21. O-O Qf6 22. Rad1 Ne5 23. Qb5 Qf7 24. f3 a6 25. Qb3 e3 26. Ne2 Nc4 27. Qb4
Nd2 28. Rfe1 Qg6 29. Kh1 Rf5 30. Qa4 Rh5 31. Nf4 b5 32. Qd4 Qg5 33. Nxh5 Qxh5
34. Rxe3 Rxe3 35. Qxe3 Nc4 36. Qe2 Qf5 37. Rxd5 Qc8 38. b3 Nb6 39. Re5 Kf7 40.
Re7+ Kg6 41. Qe6+ Kh5 42. Qf7+ g6 43. Qxh7+ Kg5 44. Re5+ Kf4 45. Re4+ Kg3 46.
Qh4# 1-0

[Event "Russian Championship B15 1st league 2016"]
[Site "Loo"]
[Date "2016.04.21"]
[Round "2.50"]
[White "Ovcharenko, Iliya"]
[Black "Mamoshin, Oleg"]
[Result "1-0"]
[WhiteElo "1393"]
[BlackElo "1655"]
[PlyCount "71"]
[EventDate "2016.04.20"]

1. e4 c5 2. Nc3 Nc6 3. f4 d6 4. Nf3 e6 5. Bc4 Nf6 6. d3 a6 7. a4 Be7 8. O-O O-O
9. Qe1 d5 10. Bb3 b6 11. e5 Nd7 12. Qg3 Re8 13. f5 Kh8 14. fxe6 fxe6 15. Bg5
Bxg5 16. Nxg5 Ncxe5 17. Rae1 h6 18. Nf7+ Nxf7 19. Rxf7 Qg5 20. Qxg5 hxg5 21.
Bxd5 Rb8 22. Rxe6 Rd8 23. Rd6 Kh7 24. Re7 Rf8 25. Rdxd7 Bxd7 26. Rxd7 Rfd8 27.
Be4+ Kh6 28. Rxd8 Rxd8 29. Nd5 b5 30. axb5 axb5 31. g4 c4 32. Ne7 cxd3 33. Bxd3
b4 34. b3 Rb8 35. Kg2 Rb6 36. Ng8# 1-0

[Event "Russian Championship B15 1st league 2016"]
[Site "Loo"]
[Date "2016.04.21"]
[Round "2.51"]
[White "Dzagov, Kambulat"]
[Black "Tsarkov, Mikhail"]
[Result "0-1"]
[WhiteElo "1651"]
[BlackElo "1398"]
[PlyCount "108"]
[EventDate "2016.04.20"]

1. e4 c6 2. d4 d5 3. exd5 cxd5 4. c4 Nf6 5. Nc3 e6 6. c5 Nc6 7. Nf3 Be7 8. Be2
O-O 9. O-O b6 10. Na4 bxc5 11. Nxc5 Qb6 12. Nb3 Ba6 13. Bf4 Bxe2 14. Qxe2 Na5
15. Nxa5 Qxa5 16. a3 Ne4 17. Nd2 Nd6 18. Rac1 Rac8 19. Qd3 Qb6 20. b4 a5 21.
bxa5 Qxa5 22. h3 Nb5 23. Nb3 Rxc1 24. Rxc1 Qb6 25. a4 Nd6 26. a5 Qa7 27. a6 Nc4
28. Ra1 Rc8 29. Bg3 Rc6 30. Rb1 Rxa6 31. Nc5 Ra1 32. Nb3 Rxb1+ 33. Qxb1 Bf6 34.
Qd3 Qa3 35. Qd1 Qa4 36. Qd3 Qa3 37. Qd1 Qb2 38. Kh2 h5 39. h4 Na3 40. Qf3 Nc2
41. Kh3 Nxd4 42. Nxd4 Bxd4 43. Kh2 g6 44. Kg1 Qa1+ 45. Kh2 Be5 46. Bxe5 Qxe5+
47. g3 Qe4 48. Qxe4 dxe4 49. Kg2 f5 50. Kf1 Kf7 51. Ke2 Kf6 52. Ke3 e5 53. f4
exf3 54. Kxf3 g5 0-1

[Event "Russian Championship B15 1st league 2016"]
[Site "Loo"]
[Date "2016.04.21"]
[Round "2.52"]
[White "Pontis, Stanislav"]
[Black "Pochtarenko, Dmitrii"]
[Result "1-0"]
[WhiteElo "1377"]
[BlackElo "1647"]
[PlyCount "89"]
[EventDate "2016.04.20"]

1. d4 Nf6 2. Nf3 c5 3. c3 b6 4. Bg5 Bb7 5. e3 d6 6. Nbd2 Nbd7 7. Bxf6 Nxf6 8.
e4 Qc7 9. e5 Nd5 10. e6 f6 11. Bb5+ Bc6 12. Qa4 Rc8 13. c4 Nf4 14. d5 Bxb5 15.
Qxb5+ Kd8 16. O-O Ra8 17. a4 a6 18. Qb3 g5 19. a5 Rb8 20. axb6 Qxb6 21. Qa4 Qb7
22. Ra3 Qa7 23. Rb3 Rxb3 24. Nxb3 Nd3 25. Na5 Nb4 26. Qxb4 cxb4 27. Nc6+ Kc7
28. Nxa7 Bg7 29. Nc6 f5 30. b3 g4 31. Ng5 Bf6 32. Nf7 Ra8 33. f3 a5 34. fxg4
fxg4 35. Rb1 a4 36. bxa4 Rxa4 37. Nxb4 Bd4+ 38. Kf1 Bc5 39. Nc6 Rxc4 40. Nxe7
Rd4 41. Nc6 Rxd5 42. e7 Rf5+ 43. Ke2 Kd7 44. Rb7+ Kxc6 45. e8=Q+ 1-0

[Event "Russian Championship B15 1st league 2016"]
[Site "Loo"]
[Date "2016.04.21"]
[Round "2.53"]
[White "Riakhovskii, Mark"]
[Black "Zharikov, Dmitry"]
[Result "0-1"]
[WhiteElo "1360"]
[BlackElo "1644"]
[PlyCount "50"]
[EventDate "2016.04.20"]

1. c4 e5 2. g3 Nc6 3. Bg2 g6 4. Nc3 Bg7 5. Nf3 f5 6. d3 d6 7. O-O Nf6 8. e4 O-O
9. Bg5 h6 10. Be3 Ng4 11. Qd2 Nxe3 12. fxe3 fxe4 13. Nxe4 Be6 14. Rac1 Qd7 15.
d4 exd4 16. exd4 Bf5 17. Nc3 Rae8 18. Nh4 Bxd4+ 19. Kh1 Be3 20. Qd5+ Be6 21.
Qb5 Bxc1 22. Rxc1 g5 23. Qxb7 Nd8 24. Qe4 gxh4 25. Qg6+ Qg7 0-1

[Event "Russian Championship B15 1st league 2016"]
[Site "Loo"]
[Date "2016.04.21"]
[Round "2.54"]
[White "Seleznev, Iliya"]
[Black "Belov, Kirill"]
[Result "1-0"]
[WhiteElo "1632"]
[BlackElo "1360"]
[PlyCount "89"]
[EventDate "2016.04.20"]

1. e4 e5 2. Nf3 Nc6 3. Bb5 f5 4. Nc3 d6 5. O-O Nf6 6. Re1 Be7 7. d4 exd4 8.
Nxd4 Bd7 9. Bxc6 bxc6 10. exf5 O-O 11. Ne6 Bxe6 12. Rxe6 Qd7 13. Qe2 Rae8 14.
Be3 d5 15. Re1 Bd6 16. Bd4 c5 17. Bxf6 Rxe6 18. fxe6 Bxh2+ 19. Kxh2 Qd6+ 20.
Kg1 gxf6 21. e7 Re8 22. Qe6+ Qxe6 23. Rxe6 Kf7 24. Re1 c6 25. Na4 c4 26. c3
Rxe7 27. Rxe7+ Kxe7 28. Kf1 Kd6 29. Ke2 c5 30. Ke3 Kc6 31. b3 cxb3 32. axb3 Kb5
33. Nb2 a5 34. Kd3 d4 35. c4+ Kb4 36. Kc2 f5 37. Nd3+ Ka3 38. Nxc5 f4 39. g3 h5
40. Kd3 Kb4 41. Kxd4 Ka3 42. Nb7 Kb4 43. Nxa5 Kxa5 44. Ke4 fxg3 45. fxg3 1-0

[Event "Russian Championship B15 1st league 2016"]
[Site "Loo"]
[Date "2016.04.21"]
[Round "2.55"]
[White "Nagibin, Danila"]
[Black "Safin, Danis"]
[Result "0-1"]
[WhiteElo "1274"]
[BlackElo "1627"]
[PlyCount "84"]
[EventDate "2016.04.20"]

1. e4 e5 2. Nf3 Nc6 3. Bc4 Bc5 4. d3 d6 5. Nc3 Nf6 6. h3 Be6 7. Bb3 h6 8. O-O
O-O 9. Be3 Bb6 10. Qd2 Re8 11. Rfe1 Nd4 12. Bxd4 Bxd4 13. Nxd4 exd4 14. Ne2 c5
15. f4 d5 16. f5 Bd7 17. exd5 Bxf5 18. c4 dxc3 19. Nxc3 Qd6 20. Rf1 Bg6 21.
Rae1 a6 22. a4 b6 23. Re3 Rxe3 24. Qxe3 Qc7 25. Qf3 Re8 26. Bc2 Qe5 27. Kh1 Qd4
28. Qf4 Qxf4 29. Rxf4 Rd8 30. Ne4 Nxd5 31. Rf3 Nb4 32. Rf2 Nxc2 33. Rxc2 Rxd3
34. Re2 Bxe4 35. Rxe4 Rb3 36. Re8+ Kh7 37. Ra8 a5 38. Ra7 f6 39. Rb7 Rxb2 40.
Kg1 c4 41. Kf1 c3 42. Ke1 Rb1+ 0-1

[Event "Russian Championship B15 1st league 2016"]
[Site "Loo"]
[Date "2016.04.21"]
[Round "2.56"]
[White "Ananjev, Ilija"]
[Black "Strelkov, Daniil"]
[Result "1-0"]
[WhiteElo "1624"]
[BlackElo "1288"]
[PlyCount "47"]
[EventDate "2016.04.20"]

1. d4 d5 2. c4 c6 3. e3 Nf6 4. Nc3 e6 5. Nf3 Nbd7 6. Bd3 Bd6 7. O-O O-O 8. Qc2
dxc4 9. Bxc4 Nb6 10. Bd3 g6 11. b3 Nbd5 12. a3 Nxc3 13. Qxc3 Nd5 14. Qc2 f5 15.
Bb2 Bd7 16. Ne5 Bxe5 17. dxe5 Qg5 18. f4 Qg4 19. Qf2 c5 20. Be2 Nxe3 21. Bxg4
Nxg4 22. Qxc5 Bc6 23. h3 Nh6 24. Rac1 1-0

[Event "Russian Championship B15 1st league 2016"]
[Site "Loo"]
[Date "2016.04.21"]
[Round "2.57"]
[White "Enin, Peter"]
[Black "Foshenko, Kirill"]
[Result "0-1"]
[WhiteElo "1229"]
[BlackElo "1620"]
[PlyCount "120"]
[EventDate "2016.04.20"]

1. e4 d5 2. exd5 Qxd5 3. Nc3 Qd6 4. Nf3 Nf6 5. h3 c6 6. Bc4 Bf5 7. d3 Nbd7 8.
Be3 e6 9. Qd2 Be7 10. a3 b5 11. Ba2 Nb6 12. O-O Nfd5 13. Bxb6 Nxb6 14. Qe3 O-O
15. Rab1 Rfb8 16. Rfe1 a5 17. Bb3 Nd5 18. Bxd5 cxd5 19. Qe5 Qd7 20. Qf4 b4 21.
axb4 axb4 22. Ne2 Bd6 23. Qd2 b3 24. Nh4 bxc2 25. Qxc2 Bg6 26. Nxg6 hxg6 27.
Nc3 Bb4 28. Rec1 Rc8 29. Qb3 Bd6 30. Qb5 Qe7 31. Qb3 Rab8 32. Qd1 Qf6 33. Qe2
Qf4 34. g3 Qg5 35. Kg2 d4 36. Na2 Qd5+ 37. Kh2 Qxa2 38. Rxc8+ Rxc8 39. Qd1 Rb8
40. b3 Qxf2+ 41. Kh1 Bxg3 42. Qg1 Qf3+ 43. Qg2 Qxd3 44. Ra1 Rxb3 45. Qa8+ Kh7
46. Qg2 Rb1+ 47. Rxb1 Qxb1+ 48. Qg1 Qxg1+ 49. Kxg1 d3 50. Kf1 d2 51. Ke2 Be1
52. h4 Kh6 53. h5 gxh5 54. Kd1 h4 55. Ke2 h3 56. Kd1 h2 57. Ke2 h1=Q 58. Kd1
Qf3+ 59. Kc2 d1=Q+ 60. Kb2 Qfb3# 0-1

[Event "Russian Championship B15 1st league 2016"]
[Site "Loo"]
[Date "2016.04.21"]
[Round "2.58"]
[White "Pynko, Alexander"]
[Black "Li, Dmitry"]
[Result "1-0"]
[WhiteElo "1615"]
[BlackElo "1256"]
[PlyCount "77"]
[EventDate "2016.04.20"]

1. e4 c5 2. Nf3 e6 3. Nc3 d6 4. Bc4 a6 5. a4 Nf6 6. d3 Be7 7. O-O O-O 8. Re1
Nc6 9. Bg5 h6 10. Bh4 b6 11. h3 Bb7 12. e5 dxe5 13. Nxe5 Nxe5 14. Rxe5 Qd4 15.
Bxf6 Bxf6 16. Re1 Rad8 17. Qe2 Qf4 18. Rab1 Qg5 19. Ne4 Qg6 20. Nxf6+ Qxf6 21.
b4 Qe7 22. Qe3 b5 23. axb5 axb5 24. Bxb5 cxb4 25. Qf4 Qc5 26. Qxb4 Qxc2 27. Ba4
Qa2 28. Rb2 Qd5 29. Qxb7 Qxd3 30. Rd1 Qa3 31. Rxd8 Rxd8 32. Bc2 g6 33. Qb3 Qa5
34. Rb1 Rd2 35. Bxg6 Qa7 36. Qg3 fxg6 37. Qxg6+ Kf8 38. Qxh6+ Ke8 39. Qxd2 1-0

[Event "Russian Championship G19 2016"]
[Site "Loo"]
[Date "2016.04.21"]
[Round "2.1"]
[White "Mamontova, Anastasia"]
[Black "Obolentseva, Alexandra"]
[Result "1/2-1/2"]
[WhiteElo "2065"]
[BlackElo "2315"]
[PlyCount "87"]
[EventDate "2016.04.20"]

1. d4 d6 2. c4 e5 3. Nc3 Nf6 4. e4 exd4 5. Qxd4 Nc6 6. Qd2 g6 7. b3 Bg7 8. Bb2
O-O 9. Nge2 Re8 10. f3 Be6 11. Ng3 Nd7 12. Be2 Nd4 13. O-O a5 14. f4 Nxe2+ 15.
Qxe2 Nb6 16. Rad1 Bd7 17. Nd5 Nxd5 18. cxd5 Bxb2 19. Qxb2 h5 20. e5 f5 21. exf6
h4 22. f5 hxg3 23. fxg6 gxh2+ 24. Kh1 Re5 25. Qd2 Qf8 26. Rde1 Rxe1 27. Qxe1
Qh6 28. Qe7 Rf8 29. g7 Rxf6 30. Rxf6 Qxg7 31. Qxg7+ Kxg7 32. Rf2 Kg6 33. Kxh2
Bf5 34. g4 Bxg4 35. Rc2 Bf3 36. Rxc7 Bxd5 37. Rd7 Kf5 38. Rxd6 Ke5 39. Rb6 Bc6
40. a4 Kd5 41. b4 axb4 42. Rxb4 Kc5 43. Rf4 Kb6 44. Rb4+ 1/2-1/2

[Event "Russian Championship G19 2016"]
[Site "Loo"]
[Date "2016.04.21"]
[Round "2.2"]
[White "Diakonova, Ekaterina"]
[Black "Yakimenko, Anastasia"]
[Result "1/2-1/2"]
[WhiteElo "2281"]
[BlackElo "2050"]
[PlyCount "81"]
[EventDate "2016.04.20"]

1. e4 c5 2. Nf3 g6 3. c4 Bg7 4. d4 cxd4 5. Nxd4 Nc6 6. Nb3 Nf6 7. Nc3 d6 8. Be2
Be6 9. O-O O-O 10. Be3 Rc8 11. Nd2 Nd7 12. Rc1 Nc5 13. Qc2 Nd4 14. Bxd4 Bxd4
15. Nb5 Bg7 16. b4 Na6 17. a3 Nc7 18. Nc3 a6 19. Qd3 Na8 20. Nd5 Nb6 21. Nf3
Nxd5 22. exd5 Bd7 23. Qe3 Ba4 24. h4 Qd7 25. h5 b5 26. hxg6 hxg6 27. Nd4 bxc4
28. Rxc4 Rxc4 29. Bxc4 Bb5 30. Bxb5 axb5 31. Nc6 e6 32. Qb6 Ra8 33. Rd1 Rxa3
34. dxe6 Qxe6 35. Qxb5 Ra1 36. Qb8+ Kh7 37. Rxa1 Bxa1 38. Qa7 Qd5 39. Qd7 Kg7
40. b5 Qd1+ 41. Kh2 1/2-1/2

[Event "Russian Championship G19 2016"]
[Site "Loo"]
[Date "2016.04.21"]
[Round "2.3"]
[White "Yakimenko, Viktoria"]
[Black "Lingur, Zalina"]
[Result "1-0"]
[WhiteElo "2056"]
[BlackElo "2216"]
[PlyCount "127"]
[EventDate "2016.04.20"]

1. e4 c5 2. Nf3 d6 3. d4 cxd4 4. Nxd4 Nf6 5. f3 Nc6 6. c4 Qb6 7. Nc2 g6 8. Nc3
Bg7 9. Rb1 Ng4 10. Qd2 Nge5 11. Nd5 Qd8 12. f4 Nd7 13. b4 e6 14. Nde3 a5 15. b5
Nb4 16. Nxb4 axb4 17. Qxd6 Rxa2 18. Bd2 Nc5 19. Qxd8+ Kxd8 20. e5 b3 21. Bb4
Bf8 22. Bxc5 Bxc5 23. Rxb3 Kc7 24. Rd3 Rd8 25. Rxd8 Kxd8 26. Ng4 b6 27. h4 Bb4+
28. Kd1 Rd2+ 29. Kc1 Rd4 30. g3 Be1 31. Nh6 Ke8 32. Rh3 Bb7 33. h5 Bb4 34. hxg6
fxg6 35. Ng4 h5 36. Nf6+ Kf7 37. Rh2 Bf3 38. Rf2 Bd1 39. Ra2 Bb3 40. Ra7+ Be7
41. Kb2 Bd1 42. Kc3 Rd8 43. Bd3 Bf3 44. Nh7 Ra8 45. Ng5+ Kf8 46. Nxe6+ Kf7 47.
Ng5+ Kf8 48. Rxa8+ Bxa8 49. Be4 Bxg5 50. Bxa8 Be7 51. Kd4 Bc5+ 52. Ke4 Ke7 53.
Kf3 Kf7 54. Be4 Kg7 55. g4 h4 56. f5 gxf5 57. gxf5 Bd4 58. f6+ Kf7 59. Kf4 h3
60. Kf5 h2 61. e6+ Kg8 62. e7 Kf7 63. Bd5+ Ke8 64. Bc6+ 1-0

[Event "Russian Championship G19 2016"]
[Site "Loo"]
[Date "2016.04.21"]
[Round "2.4"]
[White "Rodionova, Daria"]
[Black "Resmyatova, Antonina"]
[Result "1-0"]
[WhiteElo "2212"]
[BlackElo "2045"]
[PlyCount "135"]
[EventDate "2016.04.20"]

1. e4 e6 2. d4 d5 3. e5 c5 4. c3 Nc6 5. Nf3 Bd7 6. Be2 f6 7. O-O Qc7 8. Re1
O-O-O 9. Bf1 h6 10. Na3 f5 11. dxc5 Bxc5 12. b4 Be7 13. Nb5 Qb8 14. Be3 a6 15.
a4 g5 16. Nd6+ Bxd6 17. exd6 Qxd6 18. b5 Nb8 19. Bd4 Rh7 20. Be5 Qc5 21. c4 b6
22. Bd4 Qd6 23. c5 bxc5 24. Bxc5 Qc7 25. Rc1 Kb7 26. Be7 Qb6 27. a5 Qxa5 28.
Ra1 Qb6 29. bxa6+ Ka8 30. Bxd8 Qxd8 31. Qb3 Bc8 32. Reb1 Nc6 33. a7 Rb7 34. Qa4
Nge7 35. Rxb7 Bxb7 36. Ba6 Qb6 37. Bxb7+ Qxb7 38. Nd4 e5 39. Nb5 Nc8 40. Rc1
N8xa7 41. Rxc6 Qxb5 42. Qxb5 Nxb5 43. Rc5 Nd4 44. Rxd5 Kb7 45. Rxe5 Kc6 46. Re8
h5 47. h4 gxh4 48. Kh2 Kd6 49. Rh8 Ke5 50. Rxh5 Ne2 51. Rxh4 Kf6 52. Rc4 Kg5
53. g3 f4 54. Kg2 Kf5 55. Rc5+ Ke4 56. Rc4+ Kf5 57. gxf4 Nxf4+ 58. Kf3 Ne6 59.
Ke3 Kf6 60. Rc6 Ke5 61. Rxe6+ Kxe6 62. Ke4 Kf6 63. Kf4 Ke6 64. Kg5 Kf7 65. f3
Kg7 66. f4 Kf7 67. Kf5 Ke8 68. Ke6 1-0